Flagi państw nad Oceanem Spokojnym - Statystyki

Ogólne statystyki
  • Ten quiz został rozwiązany 38 razy
  • Średni wynik to 30 z 41
Statystyki odpowiedzi
Obrazkowy Odpowiedź % Poprawnych
Kanada
100%
Kolumbia
94%
Australia
91%
Chile
91%
Chiny
91%
Indonezja
91%
Meksyk
91%
Ekwador
88%
Korea Północna
88%
Korea Południowa
88%
Rosja
88%
Japonia
84%
Wietnam
84%
Kostaryka
81%
Papua-Nowa Gwinea
81%
Stany Zjednoczone
78%
Kambodża
75%
Palau
75%
Peru
75%
Tajlandia
75%
Fidżi
72%
Nowa Zelandia
72%
Salwador
72%
Brunei
69%
Kiribati
69%
Panama
69%
Filipiny
66%
Malezja
66%
Mikronezja
66%
Nauru
66%
Tonga
66%
Honduras
63%
Vanuatu
63%
Wyspy Marshalla
63%
Tajwan
59%
Singapur
56%
Samoa
53%
Tuvalu
53%
Wyspy Salomona
53%
Gwatemala
50%
Timor Wschodni
47%
Nie znaleziono quizów pasujących do podanych kryteriów
Rozkład punktacji
Procent ludzi z każdym wynikiem
Percentyl według liczby udzielonych odpowiedzi
Twoja historia wyników
Nie rozwiązałeś tego quizu